Дело по отношению господина генерал-адъютанта графа Бенкендорфа об отыскании отставного поручика Лазарева, уехавшего из Санкт-Пе...

Доступно только в Электронных читальных залах Найти на картеНа карте
RUSMARC
00003813nmc2a22000003x 450
0010fcae3dc-b41b-4137-989b-f0a89f2cb85b
00520180803143251.0
100##$a20160517l18441845k l0rusy0189 ca
1010#$arus
102##$aRU
2001#$aДело по отношению господина генерал-адъютанта графа Бенкендорфа об отыскании отставного поручика Лазарева, уехавшего из Санкт-Петербурга с похищенными им у подполковника Неклюдова деньгами 7000 рублями ассигнациями и о прочем
$j30 марта 1844 г. - 4 декабря 1845 г.
251##$cДело
300##$aДело
801#0$aRU
$bРГИА
$c20160517
$gRCR
801#1$aRU
$bГлавНИВЦ
$c20160517
$2rusmarc
801#2$aRU
$bПБ им. Б.Н. Ельцина
$c20180803
$gRCR
$2rusmarc
850##$aРГИА
852##$aРГИА
$eФедеральное казенное учреждение "Российский государственный исторический архив" (РГИА)
$j528
937##$hРГИА
$d12200952
$aASBIBLIO_SCAN
462#0$1001dc1641a5-18cf-44db-9146-52cce5d74d5e
$12001
$a1844-1845 гг. Дела Департамента полиции исполнительной МВД за 1844 г.
$1251
$cОпись
$1852
$j9
461#0$10013e300ed0-cd39-49af-8489-5ba5b90fa401
$12001
$aДепартамент полиции исполнительной МВД
$1251
$cФонд
$1852
$j1286
215##$a61 л.
$d36,5х26 см
371##$aДокумент не является опубликованным и широко распространяемым
105##$ay###
1222#$ad
035##$a0fcae3dc-b41b-4137-989b-f0a89f2cb85b
856##$uhttp://readingroom.main.prlib.ru/item.aspx?id_node=n117866398&mode=full
Формат отображения